[Event "Crema op 09th"]
[Site "Crema"]
[Date "2007.09.08"]
[Round "3"]
[White "Vigano, Massimo"]
[Black "Perrotta, Leopoldo"]
[Result "1-0"]
[WhiteElo "2103"]
[BlackElo "1875"]
[PlyCount "43"]
[EventDate "2007.09.07"]
[EventType "swiss"]
[EventRounds "6"]
[EventCountry "ITA"]
[SourceTitle "EXT 2009"]
[Source "ChessBase"]
[SourceDate "2008.11.26"]
[SourceVersion "1"]
[SourceVersionDate "2008.11.26"]
[SourceQuality "1"]

1. e4 Nf6 2. e5 Nd5 3. d4 d6 4. c4 Nb6 5. f4 dxe5 6. fxe5 Nc6 7. Be3 Bf5 8. Nc3 e6 9. Nf3 Bg4 10. Be2 Bxf3 11. gxf3 Be7 12. Qd2 a5 13. 0-0-0 a4 14. Ne4 Na5 15. Qc2 Nc6 16. Kb1 Nb4 17. Qd2 c6 18. Rhg1 g6 19. Bh6 Nd7 20. Bg7 Rg8 21. Qh6 Nf8 22. Bf6 1-0

[Event "Caorle op-B"]
[Site "Caorle"]
[Date "1991.07.13"]
[Round "8.43"]
[White "Vigano, Massimo"]
[Black "Militello, Vincenzo"]
[Result "1-0"]
[WhiteElo "1866"]
[BlackElo "1800"]
[PlyCount "82"]
[EventDate "1991.07.05"]
[EventType "swiss"]
[EventRounds "8"]
[EventCountry "ITA"]
[SourceTitle "EXT 2023"]
[Source "ChessBase"]
[SourceDate "2022.10.05"]
[SourceVersion "1"]
[SourceVersionDate "2022.10.05"]
[SourceQuality "1"]

1. e4 d6 2. d4 Nf6 3. Bd3 c6 4. f4 Bg4 5. Nf3 Qb6 6. c3 g6 7. Nbd2 Nbd7 8. a4 a5 9. h3 Bxf3 10. Nxf3 Bg7 11. Qe2 0-0 12. 0-0 Nh5 13. Qf2 e5 14. fxe5 dxe5 15. Be3 Nf4 16. Bc4 Qd8 17. dxe5 Ne6 18. Bxe6 fxe6 19. Bg5 Qb6 20. Be7 Rf4 21. Rad1 Qc7 22. Bd6 Qb6 23. Qxb6 Nxb6 24. b3 Re8 25. Rfe1 Nd7 26. Rd3 b6 27. g3 Rxf3 28. Rxf3 Nxe5 29. Bxe5 Bxe5 30. Rd1 Re7 31. Kg2 Kg7 32. g4 g5 33. Rfd3 Kg6 34. c4 c5 35. Rd7 Kf6 36. Rf1+ Bf4 37. e5+ Kf7 38. Rxe7+ Kxe7 39. Re1 h6 40. Kf3 Kd7 41. Ke4 Ke7 1-0

[Event "Caorle op-B"]
[Site "Caorle"]
[Date "1991.07.07"]
[Round "2.40"]
[White "Vigano, Massimo"]
[Black "Bertolini, Ettore"]
[Result "1-0"]
[WhiteElo "1866"]
[BlackElo "1782"]
[PlyCount "63"]
[EventDate "1991.07.05"]
[EventType "swiss"]
[EventRounds "8"]
[EventCountry "ITA"]
[SourceTitle "EXT 2023"]
[Source "ChessBase"]
[SourceDate "2022.10.05"]
[SourceVersion "1"]
[SourceVersionDate "2022.10.05"]
[SourceQuality "1"]

1. e4 c5 2. Nf3 e6 3. d4 cxd4 4. Nxd4 Nf6 5. Nc3 a6 6. Be3 Nc6 7. Qd2 Bb4 8. Bd3 0-0 9. a3 Ba5 10. Nb3 d5 11. Nxa5 Qxa5 12. Bg5 Nd7 13. exd5 exd5 14. Nxd5 Re8+ 15. Kd1 Qxd2+ 16. Bxd2 Re5 17. Bc4 b5 18. Ba2 Bb7 19. Bf4 Rf5 20. g4 Rxf4 21. Nxf4 Nde5 22. h3 Rd8+ 23. Kc1 Rd4 24. Nd5 Nf3 25. Rd1 Re4 26. Ne3 Ncd4 27. c3 Ne2+ 28. Kc2 Re8 29. Rd7 Be4+ 30. Kd1 Ne5 31. Bxf7+ Kf8 32. Bxe8 1-0